| 000 | 00931nam a22002537a 4500 | ||
|---|---|---|---|
| 003 | OSt | ||
| 005 | 20251027011805.0 | ||
| 008 | 251027b |||||||| |||| 00| 0 eng d | ||
| 020 | _a 0-13-239886-9 | ||
| 040 |
_aDWCL-Admin lib _cOC |
||
| 082 |
_2 2nd ed. _aCirc. 174.2 G946 2007 |
||
| 100 | _aGladding, Samuel T. | ||
| 245 |
_aA guide to ethical conduct for the helping professions / _cSamuel T. Gladding |
||
| 260 |
_aN.J. : _bPearson/Merill/Prentice Hall, _cc2007. |
||
| 300 |
_a iii, 90. ; _c28 cm. |
||
| 504 | _aIncludes bibliographical references. | ||
| 650 | _a1. Counseling-Moral and ethical aspects. | ||
| 650 | _a2. Counselors-Professional ethics. | ||
| 650 | _a3. Psychotherapists- Professional ethics. | ||
| 650 | _a4. Psychotherapy-Moral and ethical aspects | ||
| 650 | _a5. Social service- Moral and ethical aspects. | ||
| 650 | _a6. Social workers- Professional ethics. | ||
| 942 |
_2ddc _cBK-CIRC _kCirc. _n0 |
||
| 999 |
_c5131 _d5131 |
||